000 00337nam a22001457a 4500
008 230717b ||||| |||| 00| 0 eng d
020 _a9780134179025
041 _aeng
080 _2FIFTH EDITION
_a51
082 _a51HAR
100 _a23
101 _aMATEM
245 _aCOLLEGE ALGEBRA IN CONTEXT
_cHARSHBARGER J
942 _2udc
_cBK
999 _c60141
_d60141